01340nam0a22003011 4500001001500000005001700015035002600032100004100058101000800099102000700107105001800114200017000132210013800302210012600440215002800566510003100594541009700625700002900722701002900751701003100780701002900811701005200840801002800892801001800920801003100938801003100969852003801000RU\NLR\Evr\71020260409002931.0 a(NLR Aleph) 011417104 a20061020d1940 u y0rusy50 ca0 ayid aRU aa ||j|||001yy1 aיידישע שפראכdЕврейська моваeלערנבוכ פארנ 1 קלאסfפראפ. א. זארעצקי, א. געלבמאנ, כ. לויצקערzukr aקיעווaלוואָווcמעלוכע-פארלאג פאר די נאציאָנאלע מינדערהייטנ אינ אוסררd1940 aКиевaЛьвовcМелухе-фарлаг фар ди национале миндерхаитн ин уссрd1940 a91 с.cил.d22 см.1 aИдише шпрахzyid1 aЕврейский языкeКнига для чтения в первом классе 1aזארעצקיb.א4070 1aגעלבמאןb.א4070 1aГельбманbА.4070 1aלויצקערb.כ4070 1aЛойцкерbХ.f1898-1970gХаим4070 0aRUbNLRc20061020gpsbo 0aRUbNLRgPSBO 1aRUbNLRc200610202rusmarc 2aRUbNLRc200708142rusmarc aNLRbОЛСАА-идишjМ-2427